Online
Catalog

República Dominicana : (Record no. 32075)

MARC details
000 -CABECERA
campo de control de longitud fija 00826nam a2200277 i 4500
001 - NÚMERO DE CONTROL
campo de control 000032584
003 - IDENTIFICADOR DEL NÚMERO DE CONTROL
campo de control DO-SdBNP
005 - FECHA Y HORA DE LA ÚLTIMA TRANSACCIÓN
campo de control 20240905154141.0
007 - CAMPO FIJO DE DESCRIPCIÓN FÍSICA--INFORMACIÓN GENERAL
campo de control de longitud fija ta
008 - DATOS DE LONGITUD FIJA--INFORMACIÓN GENERAL
campo de control de longitud fija 110719s1965 dr 000 0 spa d
040 ## - FUENTE DE LA CATALOGACIÓN
Centro catalogador/agencia de origen DO-SdBNP
Lengua de catalogación spa
Centro/agencia transcriptor BNPHU
Normas de descripción rda
049 ## - FONDOS LOCALES (OCLC)
Fondos de biblioteca BNPD
082 #4 - NÚMERO DE LA CLASIFICACIÓN DECIMAL DEWEY
Número de documento/Ítem F825r
Número de edición 22
100 1# - ENTRADA PRINCIPAL--NOMBRE DE PERSONA
Nombre de persona Franco, Franklin J.,
9 (RLIN) 19014
Código de función/relación aut.
Término indicativo de función/relación autor
245 10 - MENCIÓN DE TÍTULO
Título República Dominicana :
Resto del título clases, crisis y comandos /
Mención de responsabilidad, etc. Franklin J. Franco.
260 ## - PUBLICACIÓN, DISTRIBUCIÓN, ETC.
Nombre del editor, distribuidor, etc. s.n.,
Fecha de publicación, distribución, etc. 1965
264 ## - PRODUCCIÓN, PUBLICACIÓN, DISTRIBUCIÓN, FABRICACIÓN Y COPYRIGHT
Producción, publicación, distribución, fabricación y copyright [Santo Domingo :
Nombre del de productor, editor, distribuidor, fabricante editor no identificado,
Fecha de producción, publicación, distribución, fabricación o copyright 1965].
300 ## - DESCRIPCIÓN FÍSICA
Extensión 260 páginas ;
Dimensiones 17 cm.
336 ## - TIPO DE CONTENIDO
Término de tipo de contenido texto
Código de tipo de contenido txt
Fuente rdacontent
337 ## - TIPO DE MEDIO
Nombre/término del tipo de medio sin mediación
Código del tipo de medio n
Fuente rdamedia
338 ## - TIPO DE SOPORTE
Nombre/término del tipo de soporte volumen
Código del tipo de soporte nc
Fuente rdacarrier
490 1# - MENCIÓN DE SERIE
Mención de serie Premio
586 ## - NOTA DE PREMIOS
Nota de premios Premio Ensayo Casas de las Américas
590 ## - NOTA LOCAL (RLIN)
Nota local Inventariado, 2024/B
942 ## - ELEMENTOS DE PUNTO DE ACCESO ADICIONAL (KOHA)
Fuente del sistema de clasificación o colocación Dewey Decimal Classification
Tipo de ítem Koha Libro
Holdings
Estado de retiro Estado de pérdida Fuente del sistema de clasificación o colocación Restricciones de uso No para préstamo Código de colección Localización permanente Ubicación/localización actual Ubicación en estantería Fecha de adquisición Total de préstamos Signatura topográfica completa Código de barras Fecha visto por última vez Precio válido a partir de Tipo de ítem Koha Fuente de adquisición Número de copia
    Dewey Decimal Classification Excluido de préstamo   Patrimonio Dominicano Raros y Valiosos Biblioteca Nacional Pedro Henríquez Ureña Biblioteca Nacional Pedro Henríquez Ureña En catalogación 19.07.2011   BNPHU RV-PD F825r 32584-10 25.06.2020 25.06.2020 Libro    
    Dewey Decimal Classification Excluido de préstamo   Patrimonio Dominicano Raros y Valiosos Biblioteca Nacional Pedro Henríquez Ureña Biblioteca Nacional Pedro Henríquez Ureña En catalogación 19.07.2011   BNPHU RV-PD F825r 32584-20 25.06.2020 25.06.2020 Libro    
    Dewey Decimal Classification Préstamo en sala   Dominicana de Servicio Biblioteca Nacional Pedro Henríquez Ureña Biblioteca Nacional Pedro Henríquez Ureña En catalogación 05.09.2024   BNPHU RV-DS F825r 2024-5244 05.09.2024 05.09.2024 Libro Donado por Emilio Cordero Michel e.3

Powered by Koha